000 00595cam a22002053a 4500
001 39335
003 PGUSA
005 20140828083856.0
008 120401s2012||||xxu|||||s|||||000 | eng d
040 _aPGUSA
_beng
042 _adc
100 1 _aMichelet, Jules,
_d1798-1874
245 1 0 _aHistoire de France 1573-1598 (Volume 12/19)
_h[electronic resource] /
_cJules Michelet
260 _bProject Gutenberg,
_c2012
506 _aPublic domain in the USA.
516 _aElectronic text
830 0 _aProject Gutenberg
_v39335
856 4 0 _uhttp://www.gutenberg.org/ebooks/39335
942 _cEB
999 _c268588
_d268588